000 00870nam a2200253 i 4500
001 128846
003 ES-MaACL
005 20250824065258.0
007 t|
008 070529s1974 sp ||||1| spa d
080 _a840-24"19"
080 _a840-241"19"
245 0 0 _a1789-1793 :
_b(La ciudad revolucionaria es de este mundo) /
_c[Théâtre du Soleil] ; traducción, Socorro Thomas.
260 _aMadrid :
_bCuadernos para el Diálogo,
_c1974.
300 _a309 p. ;
_c18 cm.
490 1 _aLibros de teatro ;
_v44
594 _aPrecede al tít.: Théathre du Soleil.
700 1 _aThomas, Socorro.
_9110049
710 2 _aCuadernos para el Diálogo.
_93333
740 3 2 _aLa ciudad revolucionaria es de este mundo.
830 1 0 _aLibros de teatro (Cuadernos para el Diálogo)
_v44
_9180757
852 _aES-MaACL
_jE-5689
999 _c128846
_d128846